Scripture bulletin. (Record no. 1615)

MARC details
000 -LEADER
fixed length control field 03180cas a2200745 4500
001 - CONTROL NUMBER
control field data
005 - DATE AND TIME OF LATEST TRANSACTION
control field 20260322212109.0
008 - FIXED-LENGTH DATA ELEMENTS--GENERAL INFORMATION
fixed length control field data
010 ## - LIBRARY OF CONGRESS CONTROL NUMBER
LC control number 76010504
016 7# - NATIONAL BIBLIOGRAPHIC AGENCY CONTROL NUMBER
Record control number 009543637
Source Uk
019 ## -
-- 1231167897
-- 994605158
-- 1064468524
-- 1230789712
-- 1231167897
022 0# - INTERNATIONAL STANDARD SERIAL NUMBER
International Standard Serial Number 0036-9780
Source z
023 0# - CLUSTER ISSN
Cluster ISSN 0036-9780
Source z
029 1# - OTHER SYSTEM CONTROL NUMBER (OCLC)
OCLC library identifier NZ1
System control number 3795137
029 1# - OTHER SYSTEM CONTROL NUMBER (OCLC)
OCLC library identifier AU@
System control number 000000896109
029 1# - OTHER SYSTEM CONTROL NUMBER (OCLC)
OCLC library identifier UKMGB
System control number 009543637
035 ## - SYSTEM CONTROL NUMBER
System control number (OCoLC)1765310
037 ## - SOURCE OF ACQUISITION
Source of stock number/acquisition Catholic Biblical Assn. of Great Britain, Maryvale House, Old Oscott Hill, Birmingham, W. Midlands B44 9AG England
040 ## - CATALOGING SOURCE
Original cataloging agency DLC
Language of cataloging eng
Transcribing agency MUL
Modifying agency OCLCQ
-- DLC
-- NSD
-- AIP
-- DLC
-- AIP
-- DLC
-- FXC
-- DLC
-- SYS
-- OCLCQ
-- LVB
-- CGU
-- OCLCQ
-- UKMGB
-- OCLCQ
-- CUS
-- EUM
-- OCLCQ
-- OCLCF
-- LIP
-- XFH
-- OCLCQ
-- OCLCO
-- TEU
-- OCLCL
-- OCLCQ
042 ## - AUTHENTICATION CODE
Authentication code nsdp
-- nsdp
050 00 - LIBRARY OF CONGRESS CALL NUMBER
Classification number BS410
Item number .S36
082 04 - DEWEY DECIMAL CLASSIFICATION NUMBER
Classification number 220/.05
210 0# - ABBREVIATED TITLE
Abbreviated title Script. bull.
222 #0 - KEY TITLE
Key title Scripture bulletin
245 00 - TITLE STATEMENT
Title Scripture bulletin.
260 ## - PUBLICATION, DISTRIBUTION, ETC.
Place of publication, distribution, etc. [London,
Name of publisher, distributor, etc. Catholic Biblical Association of Great Britain],
Date of publication, distribution, etc. -2009.
300 ## - PHYSICAL DESCRIPTION
Extent v.
Dimensions 24 cm.
310 ## - CURRENT PUBLICATION FREQUENCY
Current publication frequency Two no. a year,
Date of current publication frequency <winter 1974/75->
321 ## - FORMER PUBLICATION FREQUENCY
Former publication frequency Quarterly,
Dates of former publication frequency 1969-
336 ## - CONTENT TYPE
Content type term text
Content type code txt
Source rdacontent
337 ## - MEDIA TYPE
Media type term unmediated
Media type code n
Source rdamedia
338 ## - CARRIER TYPE
Carrier type term volume
Carrier type code nc
Source rdacarrier
362 0# - DATES OF PUBLICATION AND/OR SEQUENTIAL DESIGNATION
Dates of publication and/or sequential designation v. 1- Jan./Mar. 1969-
362 1# - DATES OF PUBLICATION AND/OR SEQUENTIAL DESIGNATION
Dates of publication and/or sequential designation Ceased with: vol. 39, no. 2 (July 2009).
550 ## - ISSUING BODY NOTE
Issuing body note Published by the Catholic Biblical Association of Great Britain in collaboration with the Bible Reading Fellowship and the Society for Promoting Christian Knowledge.
590 ## - LOCAL NOTE (RLIN)
Local note SERBIB/SERLOC merged record
592 ## -
-- ACQN: aq 94015071
592 ## -
-- Two no. a year
592 ## -
-- Vendor update FRO
630 00 - SUBJECT ADDED ENTRY--UNIFORM TITLE
Uniform title Bible
Form subdivision Periodicals.
630 04 - SUBJECT ADDED ENTRY--UNIFORM TITLE
Uniform title Bible.
630 06 - SUBJECT ADDED ENTRY--UNIFORM TITLE
Uniform title Bible
Form subdivision Périodiques.
630 07 - SUBJECT ADDED ENTRY--UNIFORM TITLE
Uniform title Bible.
Source of heading or term fast
Authority record control number or standard number (OCoLC)fst01356024
655 #7 - INDEX TERM--GENRE/FORM
Genre/form data or focus term Periodicals.
Source of term fast
Authority record control number or standard number (OCoLC)fst01411641
655 #7 - INDEX TERM--GENRE/FORM
Genre/form data or focus term Periodicals.
Source of term lcgft
Authority record control number or standard number https://id.loc.gov/authorities/genreForms/gf2014026139
710 2# - ADDED ENTRY--CORPORATE NAME
Corporate name or jurisdiction name as entry element Catholic Biblical Association (Great Britain)
Real World Object URI https://id.oclc.org/worldcat/entity/E39QH7JmpKTGHh8H4yWcQwYfY6
710 2# - ADDED ENTRY--CORPORATE NAME
Corporate name or jurisdiction name as entry element Bible Reading Fellowship.
Real World Object URI https://id.oclc.org/worldcat/entity/E39QH7JmpRDqfw8HvjBQ4BDJPF
710 2# - ADDED ENTRY--CORPORATE NAME
Corporate name or jurisdiction name as entry element Society for Promoting Christian Knowledge (Great Britain)
Real World Object URI https://id.oclc.org/worldcat/entity/E39QQPVp7XxDHhTwM689tKxHxt
776 08 - ADDITIONAL PHYSICAL FORM ENTRY
Relationship information Online version:
Title Scripture bulletin
Record control number (OCoLC)758706804
780 02 - PRECEDING ENTRY
Title Scripture
Record control number (OCoLC)1765309
-- (OCoLC)1765309
859 41 - LOCAL CONTROL INFORMATION (RLIN)
-- http://cbagb.org.uk/scripture-bulletin
-- http://cbagb.org.uk/scripture-bulletin
-- 0
890 ## -
-- Scripture bulletin. (Catholic Biblical Association (Great Britain)) London. 1969- .
-- 76-10504
906 ## - LOCAL DATA ELEMENT F, LDF (RLIN)
a 7
b cbc
c serials
d 3
e ncip
f 19
g n-oclcserc
925 0# -
-- acquire
-- 1 shelf copy
-- policy default
923 ## -
-- purchase
-- Swets Blackwell
991 ## -
-- c-GenColl
-- BS410
-- .S36
-- SERIALS
991 ## -
-- c-GenColl
-- BS410
-- .S36
-- 00012455094
-- Copy 1
-- 1-2 Jan-Oct * 8888
-- CCF
991 ## -
-- c-Ser
-- ACQUIRE
992 ## -
-- GENL COLL
-- ACQUIRE
992 ## -
-- SER
-- SERLOC
Holdings
Withdrawn status Lost status Damaged status Not for loan Home library Current library Shelving location Date acquired Total checkouts Full call number Barcode Date last seen Price effective from Koha item type
        Institut Protestant de Théologie Institut Protestant de Théologie General stacks 22/03/2026   220/.05 LOC-IPT-00006 22/03/2026 22/03/2026 Books